Statistics for Infamous Traitors

Click here to take the quiz!

General Stats

  • This quiz has been taken 72 times
    (54 since last reset)
  • The average score is 7 of 23

Answer Stats

Who was he/she?Turncoat% Correct
Betrayed Jesus to the Romans with a kissJudas Iscariot
86%
He conspired with Cassius to assassinate Julius CaesarMarcus Brutus
75%
Revolutionary War General who defected from the Continental Army to the BritishBenedict Arnold
68%
Japanese-American who anonymously propagated against the U.S. in World War IITokyo Rose
55%
American couple executed in 1953 for spying for the Soviet UnionJulius and Ethel Rosenberg
50%
Left the Cavaliers and joined the HeatLeBron James
48%
Dancer who spied on the French for Germany in World War IMata Hari
45%
Nazi Puppet Leader of Norway during World War IIVidkun Quisling
45%
Stormtrooper who betrayed the First Order (hint: "TRAITOR!")Finn
41%
President of the Confederate States of AmericaJefferson Davis
41%
French World War I hero who was the leader of the Vichy Government in FrancePhilippe Petain
39%
Outlaw who shot Jesse James in the back of the headRobert Ford
20%
Eight members of the Chicago White Sox who were bribed to lose the World Series to the Cincinnati RedsChicago Black Sox
18%
Former FBI agent who spied for the Soviet Union and RussiaRobert Hanssen
14%
CIA officer who, like the above, spied for the USSR in the latter half of the 1900sAldrich Ames
11%
German nuclear physicist who supplied American Nuclear secrets to the USSRKlaus Fuchs
11%
Politician who headed the Japanese puppet regime in ChinaWang Jingwei
11%
Bengali Nawab who accepted bribes to betray the Indians to Great BritainMir Jafar
9%
Soviet General in World War II who fought but later sold secrets to Nazi GermanyAndrey Vlasov
7%
First President of the Philippines who called for the islands to be given to JapanEmilio Aguinaldo
5%
Betrayed the 300 Spartans at Thermopylae to the PersiansEphialtes of Trachis
5%
Slave who helped Hernan Cortes conquer the New WorldDoña Marina
2%
Indian freedom fighter who testified against Bhagat SinghHans Raj Vohra
2%

Score Distribution

Percentile by Number Answered

Percent of People with Each Score

Your Score History

You have not taken this quiz since the last reset